2011-12 UEFA Europa League Results - Statistics

General Stats
  • This quiz has been taken 175 times
  • The average score is 21 of 32
Answers on the Map
Answers color-coded by a green-red scale on the quiz's map according to % correct below.
 
Answer Stats
Club % Correct
🇳🇱 Ajax
90%
🇵🇹 Porto
89%
🇪🇸 Atlético Madrid
85%
🇵🇹 Sporting CP
81%
🏴󠁧󠁢󠁥󠁮󠁧󠁿 Manchester United
80%
🇳🇱 PSV Eindhoven
80%
🇪🇸 Valencia
80%
🇧🇪 Anderlecht
79%
🇵🇹 Braga
78%
🏴󠁧󠁢󠁥󠁮󠁧󠁿 Manchester City
77%
🇪🇸 Athletic Bilbao
76%
🇬🇷 Olympiacos
75%
🇳🇱 AZ
74%
🇹🇷 Beşiktaş
74%
🇧🇪 Club Brugge
74%
🇷🇺 Lokomotiv Moscow
74%
🇮🇹 Lazio
69%
🇦🇹 Red Bull Salzburg
68%
🇵🇱 Legia Warsaw
65%
🇬🇷 PAOK
57%
🇳🇱 Twente
56%
🇷🇴 Steaua București
55%
🇩🇪 Schalke 04
54%
🇨🇿 Viktoria Plzeň
52%
🇹🇷 Trabzonspor
51%
🇷🇺 Rubin Kazan
49%
🇺🇦 Metalist Kharkiv
47%
🇧🇪 Standard Liège
44%
🇮🇹 Udinese
42%
🇵🇱 Wisła Kraków
41%
🇩🇪 Hannover 96
35%
🏴󠁧󠁢󠁥󠁮󠁧󠁿 Stoke City
32%
No matching quizzes found
Score Distribution
Percent of People with Each Score
Percentile by Number Answered
Your Score History
You have not taken this quiz